<?xml version="1.0" encoding="UTF-8"?>
<record
    xmlns:xsi="http://www.w3.org/2001/XMLSchema-instance"
    xsi:schemaLocation="http://www.loc.gov/MARC21/slim http://www.loc.gov/standards/marcxml/schema/MARC21slim.xsd"
    xmlns="http://www.loc.gov/MARC21/slim">

  <leader>02265    a2200265   4500</leader>
  <controlfield tag="001">49336</controlfield>
  <controlfield tag="005">20260407155756.0</controlfield>
  <controlfield tag="008">260407a2019    arg                 spa d</controlfield>
  <controlfield tag="003">AR-UNSa-BCEJYS</controlfield>
  <datafield tag="040" ind1=" " ind2=" ">
    <subfield code="a">AR-UNSa-BCEJYS</subfield>
    <subfield code="b">spa</subfield>
    <subfield code="c">AR-UNSa-BCEJYS</subfield>
  </datafield>
  <datafield tag="080" ind1=" " ind2=" ">
    <subfield code="a">349.2</subfield>
    <subfield code="x">Derecho del Trabajo</subfield>
  </datafield>
  <datafield tag="245" ind1="1" ind2="0">
    <subfield code="a">Manual de elementos de derecho del trabajo y de la seguridad social</subfield>
  </datafield>
  <datafield tag="020" ind1=" " ind2=" ">
    <subfield code="a">978-987-30-0771-2</subfield>
  </datafield>
  <datafield tag="264" ind1=" " ind2="1">
    <subfield code="a">Santa Fe :</subfield>
    <subfield code="b">Rubinzal-Culzoni Editores</subfield>
    <subfield code="c">2019</subfield>
  </datafield>
  <datafield tag="300" ind1=" " ind2=" ">
    <subfield code="a">888 p.</subfield>
    <subfield code="c">22 cm.</subfield>
  </datafield>
  <datafield tag="505" ind1=" " ind2=" ">
    <subfield code="a">Primera Parte: TEOR&#xCD;A GENEREAL DEL DERECHO DEL TRABAJO: 1. El trabajo y el derecho del trabajo - 2. Los sujetos del derecho del trabajo - 3. Los principios en el derecho del trabajo - 4. Medios t&#xE9;cnico-jur&#xED;dico - 5. El sistema de fuentes del derecho del trabajo - 6. Derecho internacional del trabajo  - - Segunda Parte: DERECHO DE LAS RELACIONES INDIVIDUALES DE TRABAJO: 7. El contrato de trabajo - 8. Duraci&#xF3;n del contrato y continuidad de las prestaciones rec&#xED;procas - 9. Objeto, forma y prueba del contrato de trabajo - 10. Los sujetos del contrato de trabajo  - 11. Contrato de trabajo  de los menores de edad - 12. Contrato de trabajo de las mujeres  - 13. Derecho y deberes de las partes - 14. El salario - 15. Jornada de trabajo - 16. Pausas, descansos y licencias - 17. La suspensi&#xF3;n en el contrato de trabajo - 18. La salud del trabajador y el contrato de trabajo - 19. Terminaci&#xF3;n del contrato de trabajo - 20. Prescripci&#xF3;n y caducidad de cr&#xE9;ditos laborales  - - Tercera Parte: DERECHO DE LAS RELACIONES COLECTIVAS DE TRABAJO: 21. Libertad sindical - 22. El sistema sindical Argentino y la libertad sindical. Ordenamiento positivo. Funcionamiento y estado actual del debate - 23. Negociaci&#xF3;n colectiva - 24. Conflictos colectivos de trabajo  - - Cuarta Parte: DERECHO DE LA SEGURIDAD SOCIAL: 25. Seguridad social - 26. Instituciones jur&#xED;dicas de la seguridad social - 27. La seguridad social en la Argentina.</subfield>
  </datafield>
  <datafield tag="041" ind1=" " ind2=" ">
    <subfield code="a">spa</subfield>
  </datafield>
  <datafield tag="942" ind1=" " ind2=" ">
    <subfield code="c">BK</subfield>
  </datafield>
  <datafield tag="590" ind1=" " ind2=" ">
    <subfield code="a">niveau_biblio:m niveau_hierar:0</subfield>
  </datafield>
  <datafield tag="100" ind1="1" ind2=" ">
    <subfield code="a">Ackerman, Mario E.</subfield>
  </datafield>
  <datafield tag="700" ind1="1" ind2=" ">
    <subfield code="a">Maza, Miguel &#xC1;ngel</subfield>
  </datafield>
  <datafield tag="700" ind1="1" ind2=" ">
    <subfield code="a">Sudera, Alejandro</subfield>
  </datafield>
  <datafield tag="700" ind1="1" ind2=" ">
    <subfield code="a">Tula, Diego J.</subfield>
  </datafield>
  <datafield tag="856" ind1="4" ind2="1">
    <subfield code="u">https://www.biblioeco.unsa.edu.ar/pmb/images/libros/L128012.jpg</subfield>
    <subfield code="y">Imagen de portada</subfield>
    <subfield code="q">image/jpeg</subfield>
  </datafield>
  <datafield tag="999" ind1=" " ind2=" ">
    <subfield code="c">4807</subfield>
    <subfield code="d">4807</subfield>
  </datafield>
  <datafield tag="952" ind1=" " ind2=" ">
    <subfield code="0">0</subfield>
    <subfield code="1">0</subfield>
    <subfield code="4">0</subfield>
    <subfield code="7">0</subfield>
    <subfield code="a">BCEJYS</subfield>
    <subfield code="b">BCEJYS</subfield>
    <subfield code="c">16</subfield>
    <subfield code="d">2026-04-07</subfield>
    <subfield code="l">0</subfield>
    <subfield code="o">349.2 A182</subfield>
    <subfield code="p">L128012</subfield>
    <subfield code="r">2026-04-07 15:57:56</subfield>
    <subfield code="w">2026-04-07</subfield>
    <subfield code="y">L</subfield>
    <subfield code="z">PARTIDO EN P&#xC1;G 448 Y 480 - CANTO SUPERIOR CON LINEA ROJA</subfield>
  </datafield>
  <datafield tag="952" ind1=" " ind2=" ">
    <subfield code="0">0</subfield>
    <subfield code="1">0</subfield>
    <subfield code="4">0</subfield>
    <subfield code="7">0</subfield>
    <subfield code="a">BCEJYS</subfield>
    <subfield code="b">BCEJYS</subfield>
    <subfield code="c">16</subfield>
    <subfield code="d">2026-04-07</subfield>
    <subfield code="l">0</subfield>
    <subfield code="o">349.2 A182</subfield>
    <subfield code="p">L128013</subfield>
    <subfield code="r">2026-04-07 15:57:56</subfield>
    <subfield code="w">2026-04-07</subfield>
    <subfield code="y">L</subfield>
  </datafield>
</record>
